La Fragata lanzamisiles 'Cataluña' : el último buque de guerra de este nombre fue desguazado en 1929 / M. Ramírez Gabarrús el último buque de guerra de este nombre fue desguazado en 1929 / M. Ramírez Gabarrús
Publicado:
San Jorge, núm. 95 ( juny 1975), pàg 95 - 98 :
MARC
| LEADER | 00000nam a2200000Ia 4500 | ||
|---|---|---|---|
| 001 | |||
| 008 | 160829s9999 xx 000 0 cat d | ||
| 100 | |a Ramírez Gabarrús, Manuel |9 41655 | ||
| 245 | |a La Fragata lanzamisiles 'Cataluña' : |b el último buque de guerra de este nombre fue desguazado en 1929 / M. Ramírez Gabarrús | ||
| 260 | |a San Jorge, núm. 95 ( juny 1975), pàg 95 - 98 | ||
| 650 | |a Cataluña (Vaixell) |9 41656 | ||
| 650 | |a Vaixells de guerra |x Espanya |9 41657 | ||
| 901 | |a Arxiu | ||
| 942 | |n 1 | ||
| 952 | |0 0 |1 0 |4 0 |7 1 |9 50357 |a Arxiu |b Arxiu |d 2016-12-01 |l 0 |r 2016-12-01 00:00:00 |w 2016-12-01 |y ARXIU | ||
| 999 | |c 54199 |d 54199 | ||